000 00645nam a22002297a 4500
003 UA-OsUOA
001 34577
007 ta
008 20051013b un ||||| |||| 00| 0 ukr d
100 _aСагіна Ф. І.
090 _a82.09(477)
_bС13
942 _cBK
040 _aUA-OsUOA
_bukr
_cUA-OsUOA
_dUA-OsUOA
245 _aВівчення творчості Марка Вовчка у школі
300 _a160 с.
955 _a2
041 _aukr
080 _a82.09(477)
260 _aК.
_bРадянська школа
_c1971
650 7 _a82 Література. Літературознавство
_2UDC
999 _c321010
_d321010